| 000 | 00516nam a2200181 4500 | ||
|---|---|---|---|
| 001 | 145468 | ||
| 003 | ES-MaACL | ||
| 005 | 20230906201235.0 | ||
| 007 | t| | ||
| 008 | 070214s1978 sp r ||||1| spa d | ||
| 100 | 1 |
_aSpeyr, Adrienne von. _9107708 |
|
| 245 | 1 | 3 |
_aEl hombre ante dios / _cAdrienne von Speyr ; traducción de Emilio Saura. |
| 250 | _a1ª. ed. | ||
| 260 |
_aMadrid : _bEncuentro, _c1978. |
||
| 300 |
_a131 p. ; _c18 cm. |
||
| 700 | 1 |
_aSaura, Emilio. _9103997 |
|
| 852 |
_aES-MaACL _jA-9878 _bR.98781 |
||
| 999 |
_c145468 _d145468 |
||